| 000 | 00852nam a22002177a 4500 | ||
|---|---|---|---|
| 003 | 0 | ||
| 005 | 20250626114135.0 | ||
| 008 | 231018b xxu||||| |||| 00| 0 eng d | ||
| 050 |
_aPHS TD 367 _b.Es83 2023 |
||
| 100 | _aEstanislao, Isaac Lorenzo | ||
| 245 |
_aCitrofortunella microcarpa as an effective natural psoralen substitute for citrus x aurantifolia in solar disinfection _c Isaac Lorenzo Estanislao |
||
| 260 |
_aLas Pinas City _bSouthville International School and Colleges _c2023 |
||
| 300 |
_a88 pages ; _c30 cm. |
||
| 504 | _aIncludes bibliographical references. | ||
| 650 |
_aWater _2Purification _vSolar disinfection. |
||
| 650 | _aPlant-based water disinfection. | ||
| 650 |
_aPsoralen _2Natural substitutes. |
||
| 650 |
_aSolar disinfection _2Materials. |
||
| 650 | _aSustainable water treatment technologies. | ||
| 942 |
_2lcc _cPASS |
||
| 999 |
_c365534 _d365534 |
||